| 000 | 00370 a2200133 4500 | ||
|---|---|---|---|
| 001 | 12577 | ||
| 082 | _a629.135MOI | ||
| 090 |
_c9590 _d9590 |
||
| 100 | _aMoir, Ian | ||
| 245 |
_aAircraft system: Mechanical, Electrical and Avionics Subsystems Integration _cIan Moir |
||
| 260 |
_aUK _bAIAA _c2003 |
||
| 300 | _axxii, 344 p | ||
| 650 | _aAvionics Subsystems Integration | ||
| 942 |
_aNUST-CAE _k629.135MOI |
||
| 999 |
_c247650 _d247650 |
||